Statistics for Largest Cities in Southern European Countries

Click here to take the quiz!

General Stats

  • This quiz has been taken 107 times
  • The average score is 20 of 65

Answer Stats

RankCityPopulation% Correct
Italy1Rome2,856,133
99%
Italy2Milan1,378,689
98%
Greece1Athens3,168,846
97%
Italy3Naples959,188
97%
Italy4Turin875,698
89%
Italy8Florence378,839
87%
San Marino3San Marino2,294
87%
Cyprus3Nicosia55,014
86%
Albania1Tirana705,369
86%
Italy5Palermo663,401
85%
Italy6Genoa578,000
84%
North Macedonia1Skopje509,900
84%
Greece2Thessaloníki806,635
82%
Italy7Bologna390,636
76%
Italy9Bari320,862
70%
Greece4Heraklion157,452
61%
Italy10Catania311,584
48%
Albania2Durrës201,515
48%
Cyprus1Limassol101,000
47%
Cyprus4Larnaca51,468
40%
Greece3Patras195,265
37%
Greece5Larissa144,651
29%
Cyprus6Paphos32,892
28%
Albania6Vlorë92,637
26%
Greece6Vólos130,094
21%
North Macedonia3Bitola71,350
20%
Greece8Chanía88,525
20%
Greece9Ioánnina85,803
20%
Albania3Elbasan112,499
18%
San Marino1Serravalle/Dogana4,802
18%
North Macedonia2Kumanovo73,590
16%
Malta2Birkirkara23,570
14%
North Macedonia8Ohrid38,840
14%
North Macedonia5Tetovo56,580
11%
Albania4Shkodër107,164
10%
Malta3Sliema21,068
9%
Albania5Fier - Patos96,404
8%
Albania8Korçë65,755
8%
Albania7Berat - Kuçovë74,605
7%
Greece10Chalcis74,564
7%
North Macedonia4Prilep64,290
7%
Malta1San Pawl Il-Baħar26,133
7%
North Macedonia6Štip44,540
7%
North Macedonia7Veles43,000
6%
Greece7Acharnes100,723
5%
Malta7Naxxar14,467
5%
Malta5Qormi16,500
5%
Malta8San Ġwann14,125
5%
North Macedonia9Strumica37,080
5%
North Macedonia10Gostivar37,080
3%
Malta4Mosta20,551
3%
San Marino2Borgo Maggiore2,394
2%
Albania10Laç40,831
2%
San Marino5Domagnano1,048
1%
Cyprus10Engomi18,010
1%
Cyprus5Lakatámeia38,345
1%
Malta9Marsaskala13,726
1%
Cyprus2Stróvolos67,904
1%
Malta6Żabbar15,299
1%
Cyprus8Aglantziá20,783
0%
Cyprus9Aradíppou19,228
0%
Cyprus7Káto Polemídia22,369
0%
Albania9Lezhë46,591
0%
San Marino4Murata1,549
0%
Malta10Swieqi13,553
0%

Score Distribution

Percentile by Number Answered

Percent of People with Each Score

Your Score History

You have not taken this quiz